| 000 | 00471nmm a2200157Ia 4500 | ||
|---|---|---|---|
| 008 | 251105s9999||||xx |||||||||||||||||und|| | ||
| 020 | _a9788497885751 | ||
| 041 | _aspa | ||
| 100 | _aMiralbell Izard, Oriol | ||
| 245 | 0 | _aGestión de oficinas de turismo | |
| 264 |
_a[Madrid, España] : _bUniversitat Oberta de Catalunya, _c2007 |
||
| 300 | _a188 páginas | ||
| 650 | _aEconomics and Business | ||
| 856 | _uhttps://public.digitaliapublishing.com/a/1043 | ||
| 942 | _cCF | ||
| 999 |
_c90693 _d90693 |
||